Online
Catalog
Normal view MARC view

Entry Nombre personal

Number of records used in: 7

001 - NÚMERO DE CONTROL

  • campo de control: 24064

003 - IDENTIFICADOR DEL NÚMERO DE CONTROL

  • campo de control: BNPHU

005 - FECHA Y HORA DE LA ÚLTIMA TRANSACCIÓN

  • campo de control: 20240305100318.0

008 - DATOS DE LONGITUD FIJA

  • campo de control de longitud fija: 200615|| aca||aabn | a|a d

040 ## - FUENTE DE LA CATALOGACIÓN

  • Centro catalogador/agencia de origen: DO-SdBNP
  • Lengua de catalogación: spa
  • Centro/agencia transcriptor: BNPHU
  • Normas de descripción: rda

100 1# - ENCABEZAMIENTO-NOMBRE DE PERSONA

  • Nombre de persona: Grando, Cristiane,
  • Fechas asociadas al nombre: 1974-

370 ## - LUGAR ASOCIADO

  • Lugar de nacimiento: São Paulo (Brasil)

374 ## - OCUPACIÓN

  • Ocupación: Profesora
  • Ocupación: Poeta
  • Ocupación: Fotógrafa
  • Ocupación: Traductora
  • Ocupación: Investigadora

375 ## - GÉNERO/SEXO

  • Género/Sexo: Femenino

377 ## - LENGUA/LENGUAJE ASOCIADO

  • Código del idioma: Portugués

400 1# - TRAZADO DE VÉASE--NOMBRE DE PERSONA

  • Nombre de persona: G., Cristiane

670 ## - FUENTE DE DATOS ENCONTRADOS

  • Cita de la fuente: Work cat.: (OSt)9084: Grando, Cristiane, 1974-, Caminantes /, 2008.

Powered by Koha